Beyoncé - Chansons de l'album I Am... Sasha Fierce - Statistiques

Statistiques générales
  • Ce quiz a été pris 8 fois
  • Le résultat moyen est 11 sur 20
Statistiques - réponses
Hint Réponse % Correct
I Am... Sasha Fierce 1 If I Were a Boy
100%
I Am... Sasha Fierce3 17 Ego
100%
I Am... Sasha Fierce 2 Halo
100%
I Am... Sasha Fierce3 16 Hello
100%
I Am... Sasha Fierce2 10 Single Ladies (Put a Ring on It)
100%
I Am... Sasha Fierce2 13 Diva
83%
I Am... Sasha Fierce2 14 Sweet Dreams
83%
I Am... Sasha Fierce3 15 Video Phone
67%
I Am... Sasha Fierce3 20 Video Phone (feat. Lady Gaga)
67%
I Am... Sasha Fierce 5 Ave Maria
50%
I Am... Sasha Fierce3 19 Why Don't You Love Me
50%
I Am... Sasha Fierce 4 Broken-Hearted Girl
33%
I Am... Sasha Fierce2 12 Poison
33%
I Am... Sasha Fierce2 11 Radio
33%
I Am... Sasha Fierce 3 Disappear
17%
I Am... Sasha Fierce 7 Satellites
17%
I Am... Sasha Fierce3 18 Scared of Lonely
17%
I Am... Sasha Fierce 6 Smash Into You
17%
I Am... Sasha Fierce2 8 That's Why You're Beautiful
17%
I Am... Sasha Fierce2 9 Save the Hero
0%
Aucun quiz correspondant
Distribution des résultats
% des personnes avec chaque résultat
Percentile par nombre de réponses
Votre historique - résultats
Vous n’avez pas pris ce quiz